Mystery Capital City #2 - Statistics

General Stats
  • This quiz has been taken 115 times
    81 since last reset
  • The average score is 12 of 15
Answer Stats
Question Clues % Correct
San Juan 2. What is the capital of Puerto Rico?
100%
1. What is the Italian name of the city of Turin? The Mystery Capital is not located in Europe
91%
Hanoi 3. What Asian national capital city starts with the letter H?
88%
Mogadishu 4. What is the easternmost national capital on mainland Africa?
84%
Barcelona 5. What city's Sagrada Familia church has been under construction since 1882?
81%
Copenhagen 6. What city is connected via bridge to Malmö, Sweden?
81%
The Mystery Capital its official name is Special Capital Region of ______
81%
The Mystery Capital's nickname is 'The Big Durian'
81%
The Mystery Capital was established 397 AD
81%
Singapore 7. What Asian city's mascot is a "Merlion"?
79%
The Mystery Capital was once named Batavia
79%
The Mystery Capital its metro area has around 30 million inhabitants
78%
Answer to Q1: Torino Jakarta
71%
The Mystery Capital is:
60%
The Mystery Capital is located on the northwest coast of the world's most populous island
60%
No matching quizzes found
Score Distribution
Percent of People with Each Score
Percentile by Number Answered
Your Score History
You have not taken this quiz since the last reset